000 01390nam a2200217Ia 4500
003 Ost
005 20260507075013.0
008 260507s9999||||xx |||||||||||||| ||und||
040 _cfsecg
041 _aara
082 _a658
100 _aأبو بكر، مصطفي محمود
_eمؤلف
245 0 _aالمدير المعاصر :
_bإدارة الأعمال في بيئة العولمة المعاصرة /
_c مصطفي محمود أبو بكر
260 _aالإسكندرية:
_bالدار الجامعية,
_c2003
300 _a494 صفحة؛
_c24 سم
520 _aالإدارة الفعالة حتمية لمواجة التحديات في بيئة الأعمال المعاصرة-التخطيط-المدير المعاصر والتخطيط-التنظيم الإداري في المنظمات المعاصرة-تصميم الهيكل التنظيمي وإعداد الإختصاصات التنظيمية-الهياكل الوظيفية وبطاقات وصف الوظائف-المدير المعاصر وكفاءة أعمال المتابعة والرقابة وتقييم الأداء-المقومات الرئيسية لكفاءة المدير المعاصر-ثقافة المنظمات الحكومية وتأثيرها على خصائص الجهاز
653 _aإدارة الأعمال
653 _aالتخطيط
653 _aالعولمة
942 _cكتاب
999 _c42176
_d42176